<?xml version="1.0" encoding="UTF-8"?>
<record
    xmlns:xsi="http://www.w3.org/2001/XMLSchema-instance"
    xsi:schemaLocation="http://www.loc.gov/MARC21/slim http://www.loc.gov/standards/marcxml/schema/MARC21slim.xsd"
    xmlns="http://www.loc.gov/MARC21/slim">

  <leader>02659nam a2200349 a 4500</leader>
  <controlfield tag="001">000008928</controlfield>
  <controlfield tag="003">DO-SdBNP</controlfield>
  <controlfield tag="005">20170927112857.0</controlfield>
  <controlfield tag="007">000008928</controlfield>
  <controlfield tag="008">090921s2000    dr            001 p spa d</controlfield>
  <datafield tag="020" ind1=" " ind2=" ">
    <subfield code="a">9993431044</subfield>
  </datafield>
  <datafield tag="040" ind1=" " ind2=" ">
    <subfield code="a">BPMSU</subfield>
    <subfield code="b">spa</subfield>
    <subfield code="c">BPMSU</subfield>
  </datafield>
  <datafield tag="082" ind1=" " ind2="4">
    <subfield code="a">RD861.44</subfield>
    <subfield code="b">B584s</subfield>
  </datafield>
  <datafield tag="100" ind1="1" ind2=" ">
    <subfield code="a">Bid&#xF3;, Victor,</subfield>
    <subfield code="d">1959-</subfield>
  </datafield>
  <datafield tag="245" ind1="1" ind2="0">
    <subfield code="a">Suma presencia :</subfield>
    <subfield code="b">(obras po&#xE9;ticas 1994-1999) /</subfield>
    <subfield code="c">V&#xED;ctor Bid&#xF3;.</subfield>
  </datafield>
  <datafield tag="260" ind1=" " ind2=" ">
    <subfield code="a">Santo Domingo :</subfield>
    <subfield code="b">Biblioteca Nacional,</subfield>
    <subfield code="c">2000.</subfield>
  </datafield>
  <datafield tag="300" ind1=" " ind2=" ">
    <subfield code="a">121 p. ;</subfield>
    <subfield code="c">23 cm.</subfield>
  </datafield>
  <datafield tag="490" ind1="1" ind2=" ">
    <subfield code="a">Biblioteca Nacional de la Rep&#xFA;blica Dominicana</subfield>
    <subfield code="a">Poes&#xED;a, no. 2</subfield>
    <subfield code="v">4</subfield>
  </datafield>
  <datafield tag="490" ind1="1" ind2=" ">
    <subfield code="v">no. 2</subfield>
  </datafield>
  <datafield tag="500" ind1=" " ind2=" ">
    <subfield code="a">Incluye datos biogr&#xE1;ficos del autor en la solapa de la cubierta.</subfield>
  </datafield>
  <datafield tag="505" ind1="0" ind2=" ">
    <subfield code="g">Presentaci&#xF3;n --</subfield>
    <subfield code="g">Planeando una fuga --</subfield>
    <subfield code="t">Diario ;</subfield>
    <subfield code="t">El hombre ;</subfield>
    <subfield code="t">No muere ;</subfield>
    <subfield code="t">Lo inminente ;</subfield>
    <subfield code="t">Cielo ;</subfield>
    <subfield code="t">Planeando una fuga ;</subfield>
    <subfield code="t">Milagro ;</subfield>
    <subfield code="t">Icaro ;</subfield>
    <subfield code="t">Oda al jarro ;</subfield>
    <subfield code="t">Por el agua ;</subfield>
    <subfield code="t">La palabra ;</subfield>
    <subfield code="t">Bajo relieve ;</subfield>
    <subfield code="t">Voz del mar ;</subfield>
    <subfield code="t">La morada ;</subfield>
    <subfield code="g">Regreso constante --</subfield>
    <subfield code="t">Regreso constante ;</subfield>
    <subfield code="g">El cielo en el espacio ;</subfield>
    <subfield code="t">La noches de los cuerpos ;</subfield>
    <subfield code="t">Paradojas ;</subfield>
    <subfield code="t">El viajero ;</subfield>
    <subfield code="t">Cosas del azar ;</subfield>
    <subfield code="t">D&#xED;a de San Andr&#xE9;s ;</subfield>
    <subfield code="t">Va por el r&#xED;o --</subfield>
    <subfield code="t">&#xBF;Presagio o sue&#xF1;o? ;</subfield>
    <subfield code="t">La maravilla del r&#xED;o ;</subfield>
    <subfield code="t">La esencia es ir ;</subfield>
    <subfield code="t">En la habitaci&#xF3;n el espejo ;</subfield>
    <subfield code="t">Bajo un cielo oscuro como el canto ;</subfield>
    <subfield code="t">Quien mira ;</subfield>
    <subfield code="t">El vidente y el p&#xE1;jaro ;</subfield>
    <subfield code="t">&#xC1;ngel ca&#xED;do en el agua ;</subfield>
    <subfield code="t">El espejo tiene sed ;</subfield>
    <subfield code="t">El cielo en el espejo ;</subfield>
    <subfield code="t">Mis tesoros ;</subfield>
    <subfield code="t">Algo me inspira este vuelo ;</subfield>
    <subfield code="t">Hay noches, la noche ;</subfield>
    <subfield code="t">Otra vez vuelvo sobre mi flaqueza ;</subfield>
    <subfield code="t">Bien conduce el alma ;</subfield>
    <subfield code="t">Las ruedas del camino ;</subfield>
    <subfield code="t">Esa flor ;</subfield>
    <subfield code="t">Observancia ;</subfield>
    <subfield code="t">Miro ;</subfield>
    <subfield code="t">Basta mirar ese crep&#xFA;sculo ;</subfield>
    <subfield code="t">Ese instante se refleja ;</subfield>
    <subfield code="t">Dial&#xE9;ctica ;</subfield>
    <subfield code="t">Homenaje a E. M. Cioran ;</subfield>
    <subfield code="g">Dar&#xED;a suerte la oculta verdad --</subfield>
    <subfield code="g">Alguien se vuelve y contempla ;</subfield>
    <subfield code="t">He de re&#xED;r ante el impacto ;</subfield>
    <subfield code="t">En el reparto me qued&#xE9; sin nada ;</subfield>
    <subfield code="t">La calamidad regres&#xF3; ;</subfield>
    <subfield code="t">Lo migratorio en la envoltura meditando ;</subfield>
    <subfield code="t">Por los rincones del aire, la luz ;</subfield>
    <subfield code="t">Sue&#xF1;o del s&#xE1;bado ;</subfield>
    <subfield code="t">Alguien se vuelve y contempla ;</subfield>
    <subfield code="t">Est&#xE1;s al borde del vac&#xED;o ;</subfield>
    <subfield code="t">Mirar el cauce solitario ;</subfield>
    <subfield code="t">Paisaje ;</subfield>
    <subfield code="t">Ahogada en soledad ;</subfield>
    <subfield code="t">D&#xED;a ;</subfield>
    <subfield code="t">No intento remediar lo dicho ;</subfield>
    <subfield code="t">La forma prev&#xE9; la ausencia ;</subfield>
    <subfield code="t">Adosado a lo imposible ;</subfield>
    <subfield code="t">En la ra&#xED;z de la cabezuela.</subfield>
  </datafield>
  <datafield tag="650" ind1=" " ind2="4">
    <subfield code="a">POES&#xCD;A DOMINICANA</subfield>
  </datafield>
  <datafield tag="650" ind1=" " ind2="4">
    <subfield code="a">LITERATURA DOMINICANA</subfield>
  </datafield>
  <datafield tag="830" ind1=" " ind2="0">
    <subfield code="a">Biblioteca Nacional de la Rep&#xFA;blica Dominicana</subfield>
    <subfield code="a">poes&#xED;a, no. 2</subfield>
    <subfield code="v">v. 4</subfield>
  </datafield>
  <datafield tag="910" ind1=" " ind2=" ">
    <subfield code="a">Validado. Control de calidad MFF</subfield>
  </datafield>
  <datafield tag="942" ind1=" " ind2=" ">
    <subfield code="2">ddc</subfield>
    <subfield code="c">BK</subfield>
  </datafield>
  <datafield tag="945" ind1=" " ind2=" ">
    <subfield code="a">Inventariado, 2017/MFF</subfield>
  </datafield>
  <datafield tag="952" ind1=" " ind2=" ">
    <subfield code="0">0</subfield>
    <subfield code="1">0</subfield>
    <subfield code="2">ddc</subfield>
    <subfield code="4">0</subfield>
    <subfield code="7">0</subfield>
    <subfield code="8">CD</subfield>
    <subfield code="a">BPMET</subfield>
    <subfield code="b">BPMET</subfield>
    <subfield code="d">2015-04-29</subfield>
    <subfield code="l">0</subfield>
    <subfield code="o">RD861.44 B584s</subfield>
    <subfield code="p">BPMSU15041462</subfield>
    <subfield code="r">2015-04-29</subfield>
    <subfield code="w">2015-04-29</subfield>
    <subfield code="y">BK</subfield>
  </datafield>
  <datafield tag="952" ind1=" " ind2=" ">
    <subfield code="0">0</subfield>
    <subfield code="1">0</subfield>
    <subfield code="2">ddc</subfield>
    <subfield code="4">0</subfield>
    <subfield code="7">0</subfield>
    <subfield code="8">CD</subfield>
    <subfield code="a">BPMET</subfield>
    <subfield code="b">BPMET</subfield>
    <subfield code="d">2015-04-29</subfield>
    <subfield code="l">0</subfield>
    <subfield code="o">RD861.44 B584s</subfield>
    <subfield code="p">BPMSU15041463</subfield>
    <subfield code="r">2015-04-29</subfield>
    <subfield code="t">ej. 2</subfield>
    <subfield code="w">2015-04-29</subfield>
    <subfield code="y">BK</subfield>
  </datafield>
  <datafield tag="952" ind1=" " ind2=" ">
    <subfield code="0">0</subfield>
    <subfield code="1">0</subfield>
    <subfield code="2">ddc</subfield>
    <subfield code="4">0</subfield>
    <subfield code="7">0</subfield>
    <subfield code="8">CD</subfield>
    <subfield code="a">BPMET</subfield>
    <subfield code="b">BPMET</subfield>
    <subfield code="d">2015-04-29</subfield>
    <subfield code="l">0</subfield>
    <subfield code="o">RD861.44 B584s</subfield>
    <subfield code="p">BPMSU15041464</subfield>
    <subfield code="r">2015-04-29</subfield>
    <subfield code="t">ej. 3</subfield>
    <subfield code="w">2015-04-29</subfield>
    <subfield code="y">BK</subfield>
  </datafield>
  <datafield tag="956" ind1=" " ind2=" ">
    <subfield code="a">MGARCIA</subfield>
    <subfield code="b">10</subfield>
    <subfield code="c">20090926</subfield>
    <subfield code="l">BND01</subfield>
    <subfield code="h">1105</subfield>
  </datafield>
  <datafield tag="956" ind1=" " ind2=" ">
    <subfield code="a">BTAVAREZ</subfield>
    <subfield code="b">10</subfield>
    <subfield code="c">20091001</subfield>
    <subfield code="l">BND01</subfield>
    <subfield code="h">1343</subfield>
  </datafield>
  <datafield tag="956" ind1=" " ind2=" ">
    <subfield code="a">YPOLANCO</subfield>
    <subfield code="b">04</subfield>
    <subfield code="c">20110606</subfield>
    <subfield code="l">BND01</subfield>
    <subfield code="h">1411</subfield>
  </datafield>
  <datafield tag="956" ind1=" " ind2=" ">
    <subfield code="a">VMATEO</subfield>
    <subfield code="b">10</subfield>
    <subfield code="c">20150429</subfield>
    <subfield code="l">BMET02</subfield>
    <subfield code="h">00151</subfield>
  </datafield>
  <datafield tag="999" ind1=" " ind2=" ">
    <subfield code="c">7754</subfield>
    <subfield code="d">7754</subfield>
  </datafield>
</record>
